000 01021nmm a2200313 a 4500
001 ocm0002145891
003 TR-IsHL
005 20201028184328.0
008 181215s2015 tu tur
007 cr cn
020 _a9786055175924
035 _a2145891
_b(N$T)
050 0 4 _aPS3603.R766
_bM319 2015
090 0 4 _aPS3603.R766
_bM319 2015
100 1 _aCrownover, Jay
245 1 0 _aJet
_h[electronic resource] /
_cJay Crownover ; editör Aylin Karagöz ; çeviren Olcay Öncül
250 _a1. Baskı
260 _aİstanbul :
_bAspendos Yayıncılık,
_c2015
300 _a398 p.
500 _aÖzgün adı: a Marked men novel
650 4 _aDil ve Edebiyat
650 4 _aLanguage and Literature
650 0 _aAmerikan romanı
650 0 _aAmerican fiction
650 7 _aLITERARY COLLECTIONS / American / General
_2bisacsh
700 1 _aKaragöz, Aylin
700 1 _aÖncül, Olcay
856 4 0 _uhttp://search.ebscohost.com/login.aspx?direct=true&scope=site&db=e011xww&AN=2145891
999 _c20948
_d20948